000 00770nam a2200229 a 4500
999 _c7516
_d7516
001 7516
003 BD-JhCC
005 20180211111308.0
008 180127s1993 bg a|||| ||a| 000 0 ben d
020 _a9843000617
035 _a(BD-JhCC)7516
040 _aBD-JhCC
_dBD-JhCC
041 _aben
082 _a378.54924
_bAHM 1993
100 _aআহমেদ, বায়েজিদ
245 _aরাজশাহী বিশ্ববিদ্যালয়ের ইতিহাস /
_cবায়েজিদ আহমেদ
260 _aরাজশাহী :
_bশেকড় সন্ধানী ফাউন্ডেশন,
_c1993.
300 _a255 p. :
_c22 cm.
650 _aRajshahi University
942 _2ddc
_cBK